00561nam a2200169Ia 4500008004100000020001500041040001800056041000800074100002200082245010500104260005500209300001800264504002800282650001800310650001900328650004400347130821s1998 ag gr spa  a9875170062 aCo-BoUCMbspa00aspa1 aKraut, Alfredo J.10aResponsabilidad civil de los psiquiatras en el contexto de la práctica médicacAlfredo J. Kraut aBuenos Aires (Argentina)bEdiciones La Roccac1998 a620 páginas aIncluye bibliografía.04aDerecho civil04aDerecho social04aResponsabilidad médicaxLegislación